| 000 | 03307cam a22005534i 4500 | ||
|---|---|---|---|
| 003 | PE-LiUPU | ||
| 005 | 20250731172908.0 | ||
| 008 | 150616s2005 ag rb 000 0 spa d | ||
| 020 | _a9875670839 | ||
| 020 | _a9789875670839 | ||
| 035 | _a(Sirsi) a166775 | ||
| 040 |
_aPE-LiUPU _bspa _cPE-LiUPU _erda |
||
| 041 | 1 |
_aspa _heng |
|
| 049 | _aPRUA | ||
| 050 |
_aBX6146 _b.C66 |
||
| 082 | 0 | 4 |
_a286.7325 _bCSa |
| 100 | 1 |
_aWhite, Elena G. de, _eautor. |
|
| 130 | 3 | _aEl conflicto de los siglos. | |
| 240 |
_aConflicto de los siglos _lespañol |
||
| 245 | 1 | 0 |
_aConflicto cósmico : _bacontecimientos que cambiarán su futuro / _cElena G. de White, edición dirigida por Aldo D.Orrego. |
| 250 | _aSegunda edición | ||
| 264 | 1 |
_aBuenos Aires, Argentina : _bAsociación Casa Editora Sudamericana, _c2005. |
|
| 300 |
_a352 páginas ; _c20 centímetros. |
||
| 336 |
_atext _2rdacontent |
||
| 337 |
_aunmediated _2rdamedia |
||
| 338 |
_avolume _2rdacarrier |
||
| 505 | 0 | _aDescorriendo el velo -- Una revelación del destino del mundo -- La lealtad y la fe de los mártires -- Una era de tinieblas espirituales -- Un pueblo que esparce la fe -- Mensajeros de una era mejor -- Dos héroes condenados a muerte -- En la encrucijada de los caminos -- Un campeón de la verdad -- Se enciende una luz en Suiza -- El despertar de Europa -- Príncipes que sostienen la verdad -- El amanecer de Francia -- El despertar de España -- En los Países Bajos y Escandinavia -- La verdad progresa en Inglaterra -- El reinado del terror en Francia: su verdadera causa -- América, tierra de libertad -- Una esperanza que infunde paz -- Despertar religioso en el Nuevo Mundo -- Luz a pesar del chasco. Razón por las cuales se produjo -- Un gran movimiento mundial -- Cosechando el torbellino: la causa de la degradación actual -- Vaticinios alentadores: profecías cumplidas -- El ministerio revelado respecto al templo de Dios -- Cuándo empieza el juicio divino. Qué está haciendo Cristo ahora -- El futuro de los Estados Unidos -- Se restaura la verdad -- ¿Cuánto éxito tienen los reavivamientos modernos? -- El juicio investigador -- El origen del mal y del dolor -- El gran enemigo del hombre -- ¿Quiénes son los demonios o malos espíritus? -- Cómo derrotar a Satanás -- ¿Qué hay detrás de la tumba? -- ¿Quiénes son los "espíritus" del espiritismo? -- La libertad de conciencia amenazada -- El conflicto inminente -- Nuestra única salvaguardia -- El último llamamiento divino -- El tiempo de angustia -- Liberación del pueblo de Dios -- ¿Será destruida la tierra? -- El glorioso triunfo final. | |
| 526 | _aSEG42 | ||
| 526 | _aSEG41 | ||
| 526 | _aSEG40 | ||
| 526 | _aSEG39 | ||
| 526 | _aP94 | ||
| 526 | _aP87 | ||
| 526 | _aP86 | ||
| 526 | _aP85 | ||
| 526 | _aP77 | ||
| 526 | _aP76 | ||
| 526 | _aP35 | ||
| 534 |
_pTítulo original: _tFrom here to forever. |
||
| 650 | 2 | 4 |
_aAdventistas del Séptimo Día _xDoctrinas. |
| 650 | 1 | 4 |
_aIglesia _xHistoria. |
| 650 | 1 | 4 |
_aEscatología. _95923 |
| 700 | 1 |
_aOrrego, Aldo D., _edirector. |
|
| 910 | _aebj | ||
| 942 |
_2ddc _cBK |
||
| 980 |
_81 _gALBERTO SANCHEZ Responsable de Automatización |
||
| 999 |
_c15514 _d15514 |
||